|
|
|
|
| LEADER |
00000nam0a2200000 4500 |
| 001 |
246364 |
| 005 |
20231101232211.0 |
| 010 |
|
|
|a 5020224111
|
| 020 |
|
|
|a RU
|b 90-52882
|
| 035 |
|
|
|a (RuTPU)RU\TPU\book\267812
|
| 090 |
|
|
|a 246364
|
| 100 |
|
|
|a 20131130d1990 k a0rusy5003 ca
|
| 101 |
1 |
|
|a rus
|c chi
|
| 102 |
|
|
|a RU
|
| 105 |
|
|
|a y z 000zy
|
| 200 |
1 |
|
|a Экономическая реформа в КНР
|e пер. с кит.
|f У Цзинлянь
|g авт. предисл. М. Титаренко
|
| 210 |
|
|
|a Москва
|c Наука
|d 1990
|
| 215 |
|
|
|a 400 с.
|
| 606 |
1 |
|
|a Китай
|x Экономика
|2 stltpush
|3 (RuTPU)RU\TPU\subj\36265
|9 57705
|
| 610 |
1 |
|
|a хозяйственные реформы
|
| 610 |
1 |
|
|a экономическая реформа
|
| 610 |
1 |
|
|a производственные отношения
|
| 610 |
1 |
|
|a идеология
|
| 610 |
1 |
|
|a экономическое развитие
|
| 610 |
1 |
|
|a стратегия
|
| 610 |
1 |
|
|a экономические модели
|
| 686 |
|
|
|a У9(5Кит)
|2 rubbk
|
| 700 |
|
1 |
|a У Цзинлянь
|4 070
|
| 702 |
|
1 |
|a Титаренко
|b М.
|4 080
|
| 801 |
|
0 |
|a RU
|b RuMRKP
|c 19950417
|g psbo
|
| 801 |
|
1 |
|a RU
|b 63413507
|c 20131130
|
| 801 |
|
2 |
|a RU
|b 63413507
|c 20200130
|g RCR
|
| 942 |
|
|
|c BK
|